[Event "Capablanca Memorial Premier 49th"]
[Site "Havana"]
[Date "2014.05.12"]
[Round "5"]
[White "Bogner, Sebastian"]
[Black "Cordova, Emilio"]
[Result "1-0"]
[WhiteElo "2593"]
[BlackElo "2616"]
[Annotator "Meulders,R"]
[PlyCount "63"]
[EventDate "2014.05.08"]
[EventType "tourn"]
[EventRounds "9"]
[EventCountry "CUB"]
[EventCategory "13"]
[SourceTitle "CBM 161"]
[Source "ChessBase"]
[SourceDate "2014.07.16"]
[SourceVersion "1"]
[SourceVersionDate "2014.07.16"]
[SourceQuality "1"]

1. d4 Nf6 2. c4 c5 3. d5 a6 4. a4 (4. Nc3 b5 5. cxb5 axb5 6. Nxb5 e6 $1 7. Nc3
{But 7.d6? Qa5+ 8.Nc3 Ne4! is bad though 7.dxe6 fxe6 is possible but unclear.}
exd5 8. Nxd5 Bb7 $10 {Or 8. - Nxd5 9.Qxd5 Nc6, also with compensation.}) 4...
e5 5. Nc3 Bd6 {In the overwhelming majority of games, the logical ...d6 is
played. ...Bd6 is a bit of a frivolity, not unpopular at one time with e.g.
Julian Hodgson. Probably Black sides with a famous comment by Viktor Korchnoi:
'that which is forgotten, is new.'} 6. e4 Bc7 7. Bd3 (7. g3 Ba5 8. Bg2 b5 9.
Nge2 bxc4 10. O-O d6 11. h3 Nbd7 12. f4 Rb8 13. Nb1 h5 14. Na3 Rb4 15. Bd2 h4
16. f5 hxg3 17. Nxg3 Nb6 18. Nc2 Rb3 19. Bxa5 Rxg3 20. Qe1 Rhxh3 21. Ra3 Nh5 $2
22. f6 g5 23. Rxg3 $18 Rxg3 24. Ne3 $1 Bg4 25. Nxc4 Nf4 26. Qxg3 $1 Ne2+ 27.
Kf2 Nxg3 28. Kxg3 Be2 29. Bxb6 Qd7 30. Rh1 Qg4+ 31. Kf2 Qf4+ (31... Bxc4 32.
Rh8+ Kd7 33. Bh3 $18) 32. Kxe2 Qxf6 33. Bc7 g4 34. Ne3 Kd7 35. Ba5 g3 36. Be1
Qg5 37. Rh3 f5 38. Rxg3 Qh5+ 39. Bf3 Qh2+ 40. Rg2 Qh7 41. Nxf5 Kc8 42. Rg7 Qh2+
43. Bf2 Qf4 44. Nxd6+ Kb8 45. Nf5 Qc1 46. d6 Qxb2+ 47. Kf1 Qa1+ 48. Kg2 {
1-0 (48) King,D (2545)-Hodgson,J (2545) London 1991 CBM 024 [Schussler]}) 7...
d6 8. Nge2 Ba5 {The only sensible thing to do with the blacksquared bishop is
to exchange it, rather than bury it somewhere on the queenside.} 9. O-O Nbd7
10. Qc2 {The only reason for this move seems to me to avoid a doubling of
pawns, e.g. after Ng3, ...Bxc3, though it is not something White should be
afraid of.} h6 11. Ng3 g5 (11... O-O {is normal and good, =}) 12. Nf5 Nf8 13.
g3 Ng6 14. f3 Bxf5 (14... Ne7 $11) 15. exf5 Ne7 16. f4 $1 (16. Ne4 Nxe4 17.
fxe4 f6 {would have been a boring position. White opens up the position with a
slight risk to his king, trusting to his lead in development and bishop pair.})
16... gxf4 $2 {This opens the g-file for the black rook to get at the white
king, but it would have been wiser to keep the position closed, restraining
the white bishop pair.} (16... exf4 17. gxf4 g4 $1 {with a roughly equal
position.}) 17. gxf4 Rg8+ 18. Kh1 Bxc3 19. Qxc3 Nh5 $6 {Not so hot, but the
alternative is equally hopeless:} (19... Nd7 20. fxe5 Nxe5 21. f6 $1 N7g6 22.
Bf5 $1 h5 23. Bd2 Qc7 24. Rae1 Kd8 25. Bxg6 Nxg6 26. Rg1 Qd7 27. Rxg6 Rxg6 28.
Re7 $18) 20. fxe5 $18 Nxd5 21. Qe1 $1 ({Even} 21. cxd5 Qh4 22. Rg1 Rxg1+ 23.
Kxg1 O-O-O 24. Kf1 Nf4 25. Be4 Rg8 {may favour White, but it looks risky.})
21... Nb4 22. exd6+ Kd7 23. Ra3 Re8 24. Qf2 Qb6 25. f6 $6 ({A simple and good
move is} 25. Be2 {keeping the bishop for attack and defence.}) 25... Re5 $2 (
25... Qc6+ {gives Black some hope, though White still has the better position.}
26. Qg2 Qxg2+ 27. Kxg2 Nxd3 28. Rxd3 Re6 29. Rb3 $16) 26. Bf5+ Kxd6 27. Rh3 (
27. Bg4 $1) 27... Rg8 (27... Qc6+ 28. Qg2 Qxg2+ 29. Kxg2 Rg8+ 30. Kh1 Nxf6 31.
Bf4 $18) 28. Qf3 $1 $18 {Some accuracy was required:} (28. Rxh5 $4 Qc6+ 29. Qf3
Qxf3+ 30. Rxf3 Re1+ 31. Rf1 Rxf1#) 28... Nc6 {Everything now loses, but Black
apparently wants to reach move 30.} 29. Qxh5 Nd4 30. Bf4 Qc6+ 31. Rhf3 Rg5 32.
Qxf7 {A nice finish would have been 32...Nxf3 33.Qe7 mate.} 1-0

[Event "Montreal 1st"]
[Site "Montreal"]
[Date "2000.08.09"]
[Round "6"]
[White "Lazarev, Vladimir"]
[Black "Kogan, Artur"]
[Result "0-1"]
[WhiteElo "2478"]
[BlackElo "2504"]
[Annotator "Meulders,R"]
[PlyCount "82"]
[EventDate "2000.08.03"]
[EventType "tourn"]
[EventRounds "11"]
[EventCountry "CAN"]
[EventCategory "9"]
[SourceTitle "CBM 079"]
[Source "ChessBase"]
[SourceDate "2000.11.21"]
[SourceVersion "1"]
[SourceVersionDate "2000.11.21"]
[SourceQuality "1"]

1. d4 Nf6 2. c4 c5 3. d5 e5 4. Nc3 d6 5. e4 Nbd7 6. Bd3 Be7 7. Nf3 Nf8 8. a3 $6
(8. h3 {, wie gegen Miladinovic.}) 8... Ng6 (8... h5 9. b4 b6 10. h4 Ng6 11. g3
Bg4 12. Qa4+ Bd7 13. Qc2 Ng4 14. Ng5 Qc8 15. f4 exf4 16. gxf4 Nf8 $11 {0-1
Danner,G-Roth,P/AUT 1979/EXT 98 (38) /=+}) 9. g3 (9. b4 O-O 10. O-O b6 11. Rb1
Nh5 12. Re1 Nhf4 13. Bf1 Bg4 14. h3 Bd7 15. Kh2 f5 16. g3 fxe4 17. Nxe4 Nh5 18.
Nfg5 Nf6 19. Nxf6+ Rxf6 20. Qh5 Nf8 21. f4 Rf5 $15 {1/2-1/2 Arlandi,E-Skembris,
S/Rome 1984/MCD (35)}) 9... h6 10. h4 {Bitte, betreten Sie g4!} (10. h3) 10...
Bg4 11. Be2 Qc8 12. Nh2 Bd7 {Der gute Läufer wird noch nicht getauscht.} 13.
Nf1 (13. h5) 13... Bd8 14. Qd3 Ba5 15. Bd2 a6 16. f4 (16. Ne3) 16... h5 {
Jetzt ist der Besitz von g4 für ewig gesichert.} 17. f5 Ne7 18. Ne3 {[%cal
Gg7g6,Gg6f5,Gb7b5,Gb5c4,Ga8b8,Gb8b2]} g6 $5 19. fxg6 fxg6 20. O-O-O b5 21. Rdf1
Neg8 $1 {Nicht der andere Springer, weil Schwarz die Kontrolle über g4
behalten will.} 22. Rf2 Rb8 23. Rhf1 Bd8 $1 24. Na2 Rh7 {[%cal Gh7b7,Gb7b2]}
25. Nd1 Bh3 $1 26. Rh1 Rhb7 {Während Weiss vergeblich versucht die Türme zu
aktivieren, baut Schwarz ruhig seine Initiative auf.} 27. Rfh2 Bd7 28. Rf2 {
Ein neuer Versuch...} bxc4 29. Qc2 $2 {Es gibt keiner Grund den Pc4 am Leben
zu lassen.} (29. Qxc4 Bb5 (29... Rb3 30. Rg1) (29... a5 30. Nac3) 30. Qc2 $11)
29... Be7 30. Bc3 $2 (30. Bxc4) 30... Bf8 31. Rhf1 Qd8 32. Bd2 $2 {Weiss
zögert zu lange; der Schwarze Angriff schwillt jetzt an.} (32. Bxc4) 32... Bh3
$1 {Erneut da!} 33. Rh1 Bg4 34. Bxc4 $2 {Zweifellos Zeitnot.} (34. Qxc4) 34...
Bxd1 35. Rxd1 Rxb2 $17 36. Qd3 (36. Qa4+ Qd7 $17) 36... Bh6 37. Re2 Qb6 $19 38.
Bxh6 Rxe2 39. Qxe2 Qb1+ 40. Kd2 Rb2+ 41. Kc3 Nxe4+ {Eine musterhafte
Illustration der verräterischen Passivität der alt-indischen Verteidigung.} (
41... Nxe4+ 42. Qxe4 Qxe4 43. Kxb2 Qxc4) 0-1

[Event "Montreal 1st"]
[Site "Montreal"]
[Date "2000.08.03"]
[Round "1"]
[White "Lazarev, Vladimir"]
[Black "Miladinovic, Igor"]
[Result "1-0"]
[WhiteElo "2478"]
[BlackElo "2563"]
[Annotator "Meulders,R"]
[PlyCount "77"]
[EventDate "2000.08.03"]
[EventType "tourn"]
[EventRounds "11"]
[EventCountry "CAN"]
[EventCategory "9"]
[SourceTitle "CBM 079"]
[Source "ChessBase"]
[SourceDate "2000.11.21"]
[SourceVersion "1"]
[SourceVersionDate "2000.11.21"]
[SourceQuality "1"]

1. d4 Nf6 2. c4 c5 3. d5 e5 4. Nc3 d6 {Der Benoni-Wall ist zwar eine starke
Mauer aber sie engt auch die beiden Läufer ein.} 5. e4 Be7 6. Bd3 Nbd7 7. Nf3
Nf8 8. h3 {Ein Standardzug um Schwarz das Feld g4 zu nehmen.} Ng6 9. g3 (9. O-O
h5 10. Rb1 h4 11. b4 cxb4 12. Rxb4 Nd7 13. Bc2 O-O 14. Ne2 Nc5 15. Be3 b6 16.
Nc3 Bd7 17. Qe2 Bf6 $11 {1/2-1/2 Timoshchenko,G-Gheorghiu,F/Biel 1994/TD (46)})
(9. g4 $6 h6 10. Qe2 Nh7 11. Be3 Bg5 {Wenn Schwarz sich so früh seines
schlechten Läufers entledigen kann, so hat die weisse Eröffnungsstrategie
gefehlt.} 12. O-O-O Nf4 13. Qd2 Nxd3+ 14. Qxd3 a6 15. Rdg1 b5 16. h4 Bxe3+ 17.
Qxe3 Nf6 $15 {0-1 Krueger,E-Lein,A/Biel 1994/EXT 97 (64)}) (9. Be3 h5 10. Qd2
h4 11. O-O-O a6 12. Kb1 Bd7 13. Rdg1 Qa5 14. Qc2 b5 15. Nd2 b4 16. Ne2 $15 Qc7
(16... Rb8 $5) 17. Nf1 a5 18. Bc1 Nh5 $15 {1/2-1/2 Pedersen,S-Gheorghiu,F/
Lichtenstein 1997/EXT 99 (18)}) 9... Bd7 (9... a6 10. a4 Bd7 11. Be3 Rb8 12. b3
h5 13. h4 $6 Ng4 14. Bd2 $11 {1-0 Gerusel,M-Schneider,C/Germany 1990/EXT 97-B 
(31)}) 10. Bd2 a6 11. Qe2 Qc8 {Erzwingt eine Erklährung, entweder g4 oder h4,
weil Qf1 natürlich zu passiv ist.} 12. h4 (12. g4 {Wie in Krüger-Lein würde
das Abtauschmanöver h6-Nh7-Bg5 einladen.}) 12... Bg4 13. Qe3 Rb8 14. a4 Bd8 {
Vorläufig kann Schwarz die beiden Läufer noch herumspielen, aber wie wird er
aktiv?} 15. Ng1 h5 {[%csl Rg5]} (15... Nh5) 16. f3 Bd7 17. a5 {Schwarz kann
nur durch den Aufmarsch ...b5(b6)oder ...f5 aktiv werden, aber die Züge sind
auch sehr schwächend.} b6 18. axb6 Rxb6 19. Ra2 (19. Nd1) 19... Ng8 $6 {
[%cal Gg8h6,Gf7f5] Es ist klar dass Schwarz jetzt auch noch den f-Bauer
aufspielen will, aber dass ist doch sehr riskant. Weiss wartet ab; er schwimmt
noch etwas faul herum wie ein Krokodil das wartet bis das Hirschlein sich zum
Strom begibt.} (19... O-O $5 20. Nd1 Rb3 21. Ne2 Bc7 22. Nc1 Rb8 23. Bc2 $14)
20. Nge2 Nh6 21. Nd1 f5 $2 {Schwarz schwächt konsequent seine Lage.} 22. exf5
Bxf5 23. Ba5 Rb7 24. Bxd8 Qxd8 25. Rxa6 $16 {Kompensation, bitte?} O-O 26. Bxf5
Rxf5 $6 {Der N auf h6 bleibt im Stall.} (26... Nxf5 27. Qe4 Qf6 28. O-O $14)
27. Nec3 Rb3 28. Qe2 Rf6 29. Ne3 Nf5 $2 {Jetzt der entscheidende Fehler.} 30.
Nxf5 Rxf5 31. Qc2 $1 {Thema: die ungedeckte Figur(en). Der Rest ist Ruhe.} Rxc3
32. Qxc3 Qf8 33. O-O Qf6 34. Qe1 Rxf3 35. Rxf3 Qxf3 36. Rxd6 Ne7 37. Qxe5 Qd1+
38. Kh2 Qc2+ 39. Kh3 1-0

[Event "SUI-chT"]
[Site "Switzerland"]
[Date "1997.??.??"]
[Round "?"]
[White "Milov, Vadim"]
[Black "Gheorghiu, Florin"]
[Result "1-0"]
[WhiteElo "2610"]
[BlackElo "2480"]
[Annotator "Milov,V"]
[PlyCount "81"]
[EventDate "1997.??.??"]
[EventType "team-tourn"]
[EventRounds "9"]
[EventCountry "SUI"]
[SourceTitle "CBM 060"]
[Source "ChessBase"]
[SourceDate "1997.09.29"]
[SourceVersion "1"]
[SourceVersionDate "1997.09.29"]
[SourceQuality "1"]

1. d4 Nf6 2. c4 c5 3. d5 e5 4. Nc3 d6 5. e4 Be7 6. g3 Nbd7 (6... O-O) 7. Bg2
O-O 8. Nf3 Ne8 9. O-O g6 10. Ne1 {A typical plan in such positions. White
intends to put his Knight on d3 and then depending on the situation to prepare
advance b2-b4 or f2-f4. However my opponent is trying to provoke me to play
f2-f4 in order to get some counterplay along the a1-h8 diagonal.} Bg5 $5 (10...
Ng7 11. Nd3) 11. f4 exf4 12. gxf4 Bf6 13. Bd2 (13. Nd3 Bd4+ 14. Kh1 f5 15. exf5
(15. Qe1 fxe4 16. Nxe4 Ndf6 17. Ng5 Ng7) 15... gxf5 $11) (13. Qd3 $1 {deserved
a serious attention}) 13... Bg7 14. Nf3 Nb6 (14... a6 $5 15. a4 Nb6 16. Qb3 (
16. Qe2 Bg4 17. e5 Nc7 18. a5 Nd7) (16. b3) 16... Bg4 17. Be1 $5 $14 {with an
idea to put the Bishop on g3 or h4 and prepare e4-e5}) 15. b3 Bg4 16. Qe1 Nd7
17. Qg3 Bxf3 18. Bxf3 a6 (18... Bd4+ 19. Kh1 Ng7 20. Rae1 f5 (20... a6 21. Ne2
Bf6 22. Qh3 $16) 21. Nb5 $16) 19. a4 $6 {Too slow.} (19. Rae1 b5 20. e5 $16)
19... Nc7 $6 (19... Bd4+ $142 20. Kh1 Ng7 21. Rae1 f5 22. Ne2 (22. e5 $2 dxe5
23. fxe5 f4) 22... Bf6 23. Qh3 {with a slight edge but the outcome is not so
clear}) 20. Rae1 Re8 21. Bg4 $1 $16 {Threatening 22.e5!} Nf6 22. Bd1 (22. Bh3
$5 Nh5 23. Qf3 Bd4+ 24. Kh1 Qh4 25. Re2 $16) 22... Nd7 23. e5 $1 dxe5 24. f5
Rf8 25. Ne4 Ne8 26. Qh3 (26. Bg5 Nef6 (26... f6 27. Bd2 g5 28. h4 h6 29. Bh5)
27. Qh4 h6 28. fxg6 hxg5 (28... fxg6 29. Bg4 $1) 29. Nxg5 fxg6 30. Bg4 Nh5 $13)
26... Nef6 27. fxg6 fxg6 28. Qe6+ Kh8 29. Nd6 b5 {What else?} 30. Nf7+ Rxf7 31.
Qxf7 bxc4 32. bxc4 Qb6 33. Bc3 $2 (33. Rf2 Re8 34. Ref1 {was winning fairly
easy.}) 33... Re8 {only here I realized that my opponent is going to play 34...
Qd6 and then Rf8, capturing my Queen.} 34. Bg4 $8 Qb3 $2 $138 (34... Rf8 35.
Qe6 (35. Qe7 Re8 36. Qxe8+ Nxe8 37. Bxd7 Qd8 {and White king is quite weak})
35... Qb3 36. Bxe5 Nxe5 37. Qxe5 Qxc4 38. Be6 {Although White is clearly
better the win is not easy to prove.}) 35. Bxd7 Rf8 36. Qxf8+ $1 Bxf8 37. Bxe5
Bg7 38. Rxf6 $1 Bxf6 39. Bxf6+ Kg8 40. Be6+ Kf8 41. d6 1-0

[Event "Moscow Aeroflot op-A"]
[Site "Moscow"]
[Date "2007.02.21"]
[Round "8"]
[White "Lysyj, Igor"]
[Black "Ehlvest, Jaan"]
[Result "1-0"]
[WhiteElo "2576"]
[BlackElo "2610"]
[Annotator "Reeh,O"]
[PlyCount "77"]
[EventDate "2007.02.14"]
[EventType "swiss"]
[EventRounds "9"]
[EventCountry "RUS"]
[SourceTitle "CBM 117"]
[Source "ChessBase"]
[SourceDate "2007.03.30"]
[SourceVersion "1"]
[SourceVersionDate "2007.03.30"]
[SourceQuality "1"]

1. d4 Nf6 2. c4 c5 3. d5 e5 4. Nc3 d6 5. e4 Be7 6. g3 a6 7. a4 O-O 8. Bg2 Ne8
9. Nge2 Nd7 10. O-O Kh8 11. f4 exf4 12. gxf4 g6 13. b3 f5 14. Bb2 Bf6 15. exf5
gxf5 16. Qc2 Ng7 17. Kh1 Rf7 18. Rae1 Nf8 19. Ng1 Ng6 20. Nh3 h6 21. Bf3 Bd7
22. Rg1 Nf8 23. Rg2 Bd4 24. Ne2 Bxb2 25. Qxb2 Qf6 26. Qxf6 Rxf6 27. Reg1 Rf7
28. Ng3 b5 29. Nh5 Ne8 30. Be2 $3 {A fantastic concept. White gives up his
queenside and goes for an all-out attack on the king - without queens! Ein
fantastisches Konzept. Weiß gibt seinen gesamten Damenflügel auf und setzt
voll auf Königsangriff - ohne Damen!} bxa4 31. Bd3 $1 axb3 32. Rg8+ Kh7 33. Nf2
$1 Ra7 {[%tqu "En","Even without queens, White has a tremendous attack on the
black king. How would you continue?","Threaten mate in three, exploiting the
pin of the pawn f5!","","f2g4","Threatening 35.Ngf6+ Nxf6 36.Nxf6+ Rxf6 37.Rg7
mate!  Did you see why the white rook on g8 can't be taken now?",20,"De","Auch
ohne Damen hat Weiß gewaltigen Angriff auf den schwarzen König. Wie würden Sie
fortsetzen?","Drohen Sie dreizügig Matt, die Fesselung des Bauern f5
ausnutzend!","","f2g4","Droht 35.Sgf6+ Sxf6 36.Sxf6+ Txf6 37.Tg7 matt!  Haben
Sie gesehen, weshalb der weiße Tg8 jetzt nicht geschlagen werden kann?",20]}
34. Ng4 $1 {Threatening 35.Ngf6+ Nxf6 36.Nxf6+ Rxf6 37.R1g7 mate!. Droht 35.
Ngf6+ Nxf6 36.Nxf6+ Rxf6 37.R1g7 matt!} Bc8 (34... Kxg8 {fails to scheitert an}
35. Ngf6+ Kh8 36. Rg8#) {[%tqu "En","And now?","Black doesn't threaten
anything, so White has time for a 'quiet' move.","It would be nice to take h6
then attack with the rook via the h-file, so...","g1g3","Excellent!  
Preparing the shift to h3 and threatening...?",15,"De","Und nun?","Schwarz
droht nichts, daher hat Weiß Zeit für einen 'stillen' Zug.","Es wäre schön,
auf h6 zu nehmen und dann auf der h-Linie anzugreifen, also...","g1g3",
"Ausgezeichnet!   Der Schwenk nach h3 wird vorbereitet, und damit droht...?",
15]} 35. Rg3 $1 {Preparing the shift to h3 and threatening...? Bereitet den
Schwenk nach h3 vor und droht...?} Rae7 (35... b2 {would run into the same
reply as in the game. fände die gleiche Antwort wie in der Partie.}) {[%tqu
"En","Show the point of 35.Rg3!","The rook is to be used in the h-file. What
has to be done before?","Open the h-file!","g4h6","Precisely!",15,"De","Zeigen
Sie die Pointe von 35.Tg3!","Der Turm soll auf h3 zum Einsatz gebracht werden.
Was ist vorher zu tun?","Öffnen Sie die h-Linie!","g4h6","Precisely!",15]} 36.
Nxh6 $1 {Opening the h-file! Öffnet die h-Linie!} Nf6 (36... Kxh6 37. Rh3 {
, and Black is helpless against the discovered check of the knight on h5. und
Schwarz ist wehrlos gegenüber dem Abzugschach des Springers h5.}) (36... b2 37.
Nxf7 Rxf7 38. R8g5 {is also hopeless. ist ebenfalls hoffnunglos.}) {[%tqu "En",
"How would you continue?","White can already win material - but one move keeps
his attack going!","Weave a mate net with the rooks on the g- and h-file!",
"g8g5","White wants to checkmate now, using the other rook on h3!",15,"h6f5",
"This is not bad, of course, but the text move is even stronger!",10,"De","Wie
wollen Sie fortsetzen?","Weiß kann bereits Material gewinnen - doch ein Zug
lässt seinen Mattangriff weiter auf Hochtouren laufen!","Knüpfen Sie ein
Mattnetz mit den Türmen in der g- und h-Linie!","g8g5","Weiß will jetzt
mattsetzen, wobei der andere Turm auf h3 eingesetzt werden soll!",15,"h6f5",
"This is not bad, of course, but the text move is even stronger!",10]} 37. R8g5
$1 {White wants to checkmate! Weiß will mattsetzen!} ({Also winning was
Ebenfalls gewann} 37. Nxf5 {(or 37.Nxf7) (oder 37.Nxf7)} Re1+ (37... Nxg8 38.
Nxe7+ Kh6 39. Nxc8 Kxh5 40. Rxg8 $18) 38. Kg2 Nxh5 39. Nxd6+) 37... Ne4 (37...
Kxh6 38. Nxf6 {and the curtain falls! und Vorhang!}) 38. Bxe4 Kxh6 {Allowing a
beautiful final. Erlaubt ein wunderschönes Finale.} (38... fxe4 {would have
lost to hätte ebenfalls verloren wegen} 39. Ng8 $1 ({even stronger than sogar
noch stärker als} 39. Nxf7 Rxf7 40. Rxb3) 39... b2 40. Ngf6+ Kh6 41. Rg1 {
with the deadly threat 42.Ng7! mit der tödlichen Drohung 42.Ng7!} a5 42. Ng7) {
[%tqu "En","Deliver the coup-de-grace!","Clear the h-file for the rooks!","",
"h5f6","Now Black gets checkmated!",10,"De","Versetzen Sie Schwarz den
Todesstoß!","Räumen Sie die h-Linie für die weißen Türme!","","h5f6","Danach
wird Schwarz mattgesetzt!",10]} 39. Nf6 $1 {and Black can only choose which
white rook gives mate: 39...fxe4 40.Rh5++ or 39...Rxf6 40.Rh3++! und Schwarz
kann sich nur noch aussuchen, welcher weiße Turm mattsetzen soll: 39...fxe4 40.
Rh5++ oder 39...Rxf6 40.Rh3++!} 1-0

[Event "London WFW"]
[Site "London"]
[Date "1991.??.??"]
[Round "?"]
[White "King, Daniel J"]
[Black "Hodgson, Julian M"]
[Result "1-0"]
[WhiteElo "2545"]
[BlackElo "2545"]
[Annotator "Schussler,H"]
[PlyCount "95"]
[EventDate "1991.05.??"]
[EventType "tourn"]
[EventRounds "13"]
[EventCountry "ENG"]
[EventCategory "11"]
[SourceTitle "CBM 024"]
[Source "ChessBase"]
[SourceDate "1991.10.01"]
[SourceVersion "1"]
[SourceVersionDate "1991.10.01"]
[SourceQuality "1"]

1. d4 Nf6 2. c4 c5 3. d5 a6 {The Kamchatka gambit!} 4. a4 (4. Nc3 b5 5. cxb5
axb5 6. Nxb5 e6 $1 7. Nc3 {Bad is 7.d6? Qa5+ 8.Nc3 Ne4!, but possible is 7.
dxe6 fxe6 which is unclear.} exd5 8. Nxd5 Bb7 $10 {Or 8. - Nxd5 9.Qxd5 Nc6,
also with compensation.}) 4... e5 5. Nc3 Bd6 {Transposing to the
Snake-variation. More boring and solid is 5. - d6.} 6. e4 Bc7 7. g3 Ba5 8. Bg2
b5 9. Nge2 bxc4 10. O-O d6 11. h3 Nbd7 12. f4 Rb8 13. Nb1 h5 14. Na3 Rb4 15.
Bd2 h4 16. f5 hxg3 17. Nxg3 Nb6 18. Nc2 Rb3 19. Bxa5 Rxg3 20. Qe1 Rhxh3 21. Ra3
Nh5 $2 22. f6 g5 23. Rxg3 $18 Rxg3 24. Ne3 $1 Bg4 25. Nxc4 Nf4 26. Qxg3 $1 Ne2+
27. Kf2 Nxg3 28. Kxg3 Be2 29. Bxb6 Qd7 30. Rh1 Qg4+ 31. Kf2 Qf4+ (31... Bxc4
32. Rh8+ Kd7 33. Bh3 $18) 32. Kxe2 Qxf6 33. Bc7 g4 34. Ne3 Kd7 35. Ba5 g3 36.
Be1 Qg5 37. Rh3 f5 38. Rxg3 Qh5+ 39. Bf3 Qh2+ 40. Rg2 Qh7 41. Nxf5 Kc8 42. Rg7
Qh2+ 43. Bf2 Qf4 44. Nxd6+ Kb8 45. Nf5 Qc1 46. d6 Qxb2+ 47. Kf1 Qa1+ 48. Kg2
1-0

[Event "New York Hudson"]
[Site "New York"]
[Date "1993.??.??"]
[Round "6"]
[White "Kaidanov, Gregory S"]
[Black "Ehlvest, Jaan"]
[Result "1/2-1/2"]
[WhiteElo "2620"]
[BlackElo "2625"]
[Annotator "Schussler,H"]
[PlyCount "123"]
[EventDate "1993.??.??"]
[EventType "tourn"]
[EventRounds "9"]
[EventCountry "USA"]
[EventCategory "13"]
[SourceTitle "CBM 035"]
[Source "ChessBase"]
[SourceDate "1993.08.01"]
[SourceVersion "1"]
[SourceVersionDate "1993.08.01"]
[SourceQuality "1"]

1. d4 {Ftacnik} Nf6 2. c4 c5 3. d5 e5 4. Nc3 d6 5. e4 Be7 6. Bd3 O-O 7. h3 Na6
$5 {7. - Nbd7} 8. Nf3 Nc7 9. Be3 Bd7 10. Nh2 $5 {10.Qe2, 10.Qc2... g2-g4} a6
11. a4 b5 12. O-O $1 (12. axb5 axb5 13. cxb5 Rxa1 14. Qxa1 Qb8 $10 15. Qa5 $2
Qb7 $15) 12... bxc4 13. Bxc4 Rb8 14. b3 Nfe8 15. Qd2 Na8 16. f4 (16. a5 Nac7
$13) (16. Bxa6 {Ftacnik} Rxb3 17. a5 $1 $14) 16... exf4 17. Bxf4 Qa5 18. Nf3
Nb6 19. Be2 Bf6 20. e5 $2 (20. Rac1 c4 21. bxc4 Nxc4 22. Bxc4 Qc5+ 23. Kh1 Qxc4
24. e5 $1 dxe5 25. Bxe5 $16 {(Kaidanov,G)}) 20... dxe5 21. Nxe5 Rd8 22. Rac1
Nd6 23. Qd3 Rfe8 24. Nxd7 Rxd7 25. Bg4 (25. Bxd6 {Ftacnik} Rxd6 26. Ne4 Bd4+
27. Kh1 Rxd5) 25... Rdd8 26. Qf3 Qb4 27. a5 $1 Na8 (27... Qxa5 $2 28. Bxd6 Rxd6
29. Ne4 $18 (29. Ne4 {Ftacnik} Bd4+ 30. Kh1 $16)) (27... Nbc8 {Ftacnik} 28. Kh1
$1 Be5 29. Bxe5 Rxe5 30. Na4 $1 c4 31. Bxc8 $16) 28. Na4 c4 (28... Nb5 29. Rc4
(29. Nxc5 $1 Bd4+ 30. Kh1 Bxc5 31. Rc4 Nd4 (31... Qa3 32. Bc1 $1 $18) 32. Rxb4
Nxf3 33. Rc4 Nd4 34. Rxc5 Nxb3 35. Rc3 Nxa5 36. d6 $18 {(Kaidanov,G)}) 29...
Nd4 30. Qd1 Qxb3 $15 (30... Qxb3 {Ftacnik} 31. Rxc5 Qxd1 32. Rxd1 (32. Bxd1 Be7
) 32... Re4 $1 $132)) 29. Bxd6 Rxd6 30. Rxc4 Qxa5 31. Nc5 $16 Nc7 (31... Nb6 {
Ftacnik} 32. Nb7) 32. Ne4 Qb6+ 33. Qf2 Nxd5 34. Nxd6 Qxd6 35. Rd1 Qe5 36. Bf3
$2 {36.Rc5 + -} (36. Rc5 $18 {Ftacnik}) 36... Nc3 37. Rc1 Nb5 38. Re4 $2 (38.
Rc8 $16 {Ftacnik}) 38... Qxe4 $1 $15 39. Bxe4 Bd4 40. Bd3 g6 41. Bxb5 Bxf2+ 42.
Kxf2 axb5 43. Rc5 b4 44. Rc4 Rb8 45. g4 $1 $10 Kg7 46. Kg3 g5 47. Rd4 (47. h4
Rd8 $1 $17) 47... h6 48. Rc4 Rb6 49. Rd4 Kg6 50. h4 Rb5 (50... Rc6 $6 51. h5+
$10) 51. hxg5 Kxg5 52. Rc4 f6 53. Rd4 h5 54. gxh5 Kxh5 55. Kf4 $10 Kg6 56. Kg4
Rg5+ 57. Kf3 Rb5 58. Kg4 Rb8 59. Kf4 Kf7 60. Kf3 Ke6 61. Rc4 f5 62. Kf2 1/2-1/2